Suma de teología II Vol. 2 . Parte I - II (Suma teológica)

La Suma de Teología es un tratado de teología cristiana, obra magna del aquinate escrita en sus últimos años de vida en el siglo XIII, en la cual se exponen de manera extensa los fundamentos y contenidos esenciales de la doctrina cristiana a partir de quaestiones. Este libro corresponde al II tomo:...

Descrición completa

Gardado en:
Detalles Bibliográficos
Autor Principal: Aquino, Santo Tomás De
Formato: Libro
Idioma:Undetermined
Publicado: Madrid, España Biblioteca de Autores Cristianos 1993
Materias:
Etiquetas: Engadir etiqueta
Sen Etiquetas, Sexa o primeiro en etiquetar este rexistro!

MARC

LEADER 00000nam a2200000Ia 4500
008 170316s9999 xx 000 0 und d
040 |a cru BVZT 
090 |a 100 A-31su v.2 
100 |a Aquino, Santo Tomás De  |9 906 
245 |a Suma de teología II  |c / Santo Tomás De Aquino   |b Vol. 2 . Parte I - II (Suma teológica) 
260 |a Madrid, España  |b Biblioteca de Autores Cristianos  |c 1993 
300 |a 975 páginas  
520 |a La Suma de Teología es un tratado de teología cristiana, obra magna del aquinate escrita en sus últimos años de vida en el siglo XIII, en la cual se exponen de manera extensa los fundamentos y contenidos esenciales de la doctrina cristiana a partir de quaestiones. Este libro corresponde al II tomo: parte I-II, que contiene 114 cuestiones en las que se desarrollan temas de carácter moral relacionados con la bienaventuranza, los actos humanos, un Tratado de las pasiones humanas y uno sobre la gracia, entre muchas otras cuestiones 
650 |a FILOSOFÍA  |9 5 
650 |a LA BIENAVENTURANZA  |9 915 
650 |a TRATADO DE LOS ACTOS HUMANOS  |9 916 
650 |a TRATADO DE LAS PASIONES DEL ALMA  |9 917 
650 |a TRATADO DE LOS HÁBITOS  |9 918 
650 |a TRATADO DE LAS VIRTUDES  |9 919 
650 |a TRATADO DE LOS VICIOS Y PECADOS  |9 920 
650 |a TRATADO DE LA LEY EN GENERAL  |9 921 
650 |a TRATADO DE LA LEY ANTIGUA Y NUEVA  |9 922 
650 |a TRATADO DE LA GRACIA  |9 923 
650 |a SUMA TEOLÓGICA  |9 914 
999 |c 15516  |d 15516 
942 |c SALA  |h 100 A-31su v.2  |2 z